[Event "Calvia Amateur op 12th"]
[Site "Calvia"]
[Date "2015.10.14"]
[Round "5"]
[White "Moya Gual De Torrella, Loren"]
[Black "Driessen Llado, Pedro"]
[Result "0-1"]
[WhiteElo "1340"]
[BlackElo "1644"]
[PlyCount "60"]
[EventDate "2015.10.10"]
[EventType "swiss"]
[EventRounds "9"]
[EventCountry "ESP"]
[SourceTitle "EXT 2017"]
[Source "ChessBase"]
[SourceDate "2016.10.25"]
[SourceVersion "1"]
[SourceVersionDate "2016.10.25"]
[SourceQuality "1"]

1. e4 c5 2. Nf3 d6 3. d4 cxd4 4. Nxd4 Nf6 5. Nc3 a6 6. Bg5 e5 7. Nde2 Be7 8. f4 h6 9. fxe5 hxg5 10. exf6 Bxf6 11. Qd3 Nc6 12. 0-0-0 Be5 13. a3 Be6 14. Ng1 b5 15. Nf3 Bc4 16. Qd2 Bf4 17. Bxc4 bxc4 18. Rhe1 Bxd2+ 19. Rxd2 g4 20. Nd4 Nxd4 21. Rxd4 Qg5+ 22. Kb1 Rd8 23. e5 dxe5 24. Rxd8+ Kxd8 25. Ne4 Qe7 26. Rd1+ Kc7 27. Rd6 Qxd6 28. Nxd6 Kxd6 29. h3 gxh3 30. gxh3 Rxh3 0-1

[Event "Calvia Amateur op 11th"]
[Site "Calvia"]
[Date "2014.10.05"]
[Round "2"]
[White "Oliver Font, Jose Luis"]
[Black "Driessen Llado, Pedro"]
[Result "1-0"]
[WhiteElo "1857"]
[BlackElo "1632"]
[PlyCount "51"]
[EventDate "2014.10.04"]
[EventType "swiss"]
[EventRounds "9"]
[EventCountry "ESP"]
[SourceTitle "EXT 2015"]
[Source "ChessBase"]
[SourceDate "2014.11.20"]
[SourceVersion "1"]
[SourceVersionDate "2014.11.20"]
[SourceQuality "1"]

1. e4 c5 2. Nf3 d6 3. d4 cxd4 4. Nxd4 Nf6 5. Nc3 a6 6. Be2 e5 7. Nb3 Be6 8. Bf3 Nbd7 9. 0-0 b5 10. Be3 Nb6 11. Nd5 Nbxd5 12. exd5 Bf5 13. Qd2 a5 14. a4 b4 15. Rfc1 Be7 16. c3 bxc3 17. Rxc3 0-0 18. Rc6 Rb8 19. Nxa5 Be4 20. Bxe4 Nxe4 21. Qe1 Rxb2 22. Nc4 Rb7 23. Bb6 Rxb6 24. Nxb6 Nc5 25. a5 Qb8 26. a6 1-0

[Event "Calvia Amateur op 7th"]
[Site "Calvia"]
[Date "2010.10.14"]
[Round "6"]
[White "Driessen Llado, Pedro"]
[Black "Hermida Izquierdo, Miguel Angel"]
[Result "1-0"]
[WhiteElo "1596"]
[BlackElo "1774"]
[PlyCount "51"]
[EventDate "2010.10.09"]
[EventType "swiss"]
[EventRounds "9"]
[EventCountry "ESP"]
[SourceTitle "EXT 2011"]
[Source "ChessBase"]
[SourceDate "2010.11.26"]
[SourceVersion "1"]
[SourceVersionDate "2010.11.26"]
[SourceQuality "1"]

1. d4 Nf6 2. c4 d5 3. Nf3 Bg4 4. Nc3 e6 5. Qb3 Qc8 6. cxd5 Be7 7. Ne5 exd5 8. e4 0-0 9. Bd3 Nc6 10. Nxd5 Nxd5 11. exd5 Nxd4 12. Qc4 c5 13. dxc6 Re8 14. 0-0 Bd6 15. Qxf7+ Kh8 16. cxb7 Qe6 17. bxa8Q Rxa8 18. Qxe6 Bxe6 19. Nc4 Be7 20. Be3 Bf6 21. Rac1 Rd8 22. Rfd1 Nc6 23. Be2 Re8 24. Rd6 Ne5 25. Nxe5 Bxe5 26. Rxe6 1-0

[Event "Calvia Amateur op 7th"]
[Site "Calvia"]
[Date "2010.10.10"]
[Round "2"]
[White "Driessen Llado, Pedro"]
[Black "Mozelius, Peter"]
[Result "0-1"]
[WhiteElo "1596"]
[BlackElo "1905"]
[PlyCount "58"]
[EventDate "2010.10.09"]
[EventType "swiss"]
[EventRounds "9"]
[EventCountry "ESP"]
[SourceTitle "EXT 2011"]
[Source "ChessBase"]
[SourceDate "2010.11.26"]
[SourceVersion "1"]
[SourceVersionDate "2010.11.26"]
[SourceQuality "1"]

1. d4 g6 2. e4 Bg7 3. c3 Nf6 4. Bd3 d6 5. f4 0-0 6. Nf3 c5 7. 0-0 cxd4 8. cxd4 Qb6 9. Kh1 Nc6 10. Nbd2 Bg4 11. Nc4 Qc7 12. Be3 d5 13. Nce5 Nxe5 14. fxe5 Nxe4 15. Rc1 Qd7 16. Qe1 Rac8 17. Qh4 f5 18. e6 Qd6 19. Bxe4 Rxc1 20. Rxc1 dxe4 21. Ng5 Bh5 22. Qf2 Bf6 23. Nh3 Qxe6 24. Nf4 Qf7 25. Nxh5 gxh5 26. Rc7 Bg7 27. Bg5 Re8 28. h4 h6 29. Be3 Qd5 0-1